01839nam a2200325 a 4500003000900000005001700009007000300026008004100029040002500070082001500095100002800110245022900138260004000367300003800407500005800445504003000503505041300533590002700946650006300973650005701036650006201093650005401155700002501209700002701234710008601261910001101347942001401358952012401372999001701496DO-SdBNP20240318114956.0ta220506e1983 dr ad||fr|||| 001 0 spa d aDO-SdBNPbspacBNPHU 4222bR1731p1 97129aRamírez, Nelson10aPoblación y mano de obra en la República Dominicana : bperspectivas de la fuerza de trabajo y del empleo-desempleo en el período 1980-1990 /cNelson Ramírez, Antonio Tatis, Diana Germán; Editor, Denis Mota alvarez aSanto Domingo :bPROFAMILIA, c1983 ax, 104 p. :bil., gráf.c28 cm. aIncluye bibliografía y notas al pié de páginas. aBibliografía: p. 35- 360 aIntroducción.--tI. Descripción de las principales características de la fuerza de trabajo en el período 1960 - 1980.--tII. Proyección de la oferta de mano de obra, 1980 - 1990.-- tIII. Proyección de la demanda de mano de obra, 1980- 1990.--tIV. Conclusión: implicaciones de los requerimientos y disponibilidades proyectados de mano de obra.--tBibliografía.--tAnexo. Tablas y Gráficos. aInventariado 2022 / MF 4938792aRepública DominicanaxProyección de población 4920484aCrecimiento de EmpleozRepública Dominicana 4977120aMano de ObraxProyeccioneszRepública Dominicana 4949076aOferta y demandavMano de obray1980- 19901 99667aTatis, Antonio1 aGermán, Diana9815612 aInstituto de Estudios de Población y Desarrollo (República Dominicana)970393 aMFeliz 2ddccLBS1 00102ddc51708PDaBNPHUbBNPHUcHDd2018-07-06eDonado por CERTVl0oR1731pp2022-1833r2022-05-06w2022-05-06yLBS1 c51653d51653